<?xml version="1.0" encoding="UTF-8"?>
<collection xmlns="http://www.loc.gov/MARC21/slim">
 <record>
  <leader>07921cam a2201045   4500</leader>
  <controlfield tag="001">85996678X</controlfield>
  <controlfield tag="003">DE-627</controlfield>
  <controlfield tag="005">20220125162856.0</controlfield>
  <controlfield tag="007">tu</controlfield>
  <controlfield tag="008">160530s2016    gw |||||      00| ||ger c</controlfield>
  <datafield tag="015" ind1=" " ind2=" ">
   <subfield code="a">16,N21</subfield>
   <subfield code="2">dnb</subfield>
  </datafield>
  <datafield tag="016" ind1="7" ind2=" ">
   <subfield code="a">1100893555</subfield>
   <subfield code="2">DE-101</subfield>
  </datafield>
  <datafield tag="020" ind1=" " ind2=" ">
   <subfield code="a">9783946054061</subfield>
   <subfield code="c">Hardcover : EUR 59.95 (DE), EUR 61.70 (AT), sfr 69.95 (freier Preis)</subfield>
   <subfield code="9">978-3-946054-06-1</subfield>
  </datafield>
  <datafield tag="024" ind1="3" ind2=" ">
   <subfield code="a">9783946054061</subfield>
  </datafield>
  <datafield tag="035" ind1=" " ind2=" ">
   <subfield code="a">(DE-627)85996678X</subfield>
  </datafield>
  <datafield tag="035" ind1=" " ind2=" ">
   <subfield code="a">(DE-576)473847329</subfield>
  </datafield>
  <datafield tag="035" ind1=" " ind2=" ">
   <subfield code="a">(DE-599)DNB1100893555</subfield>
  </datafield>
  <datafield tag="035" ind1=" " ind2=" ">
   <subfield code="a">(OCoLC)950697107</subfield>
  </datafield>
  <datafield tag="035" ind1=" " ind2=" ">
   <subfield code="a">(OCoLC)955078335</subfield>
  </datafield>
  <datafield tag="035" ind1=" " ind2=" ">
   <subfield code="a">(OCoLC)1056145338</subfield>
  </datafield>
  <datafield tag="035" ind1=" " ind2=" ">
   <subfield code="a">(OCoLC)1073739701</subfield>
  </datafield>
  <datafield tag="035" ind1=" " ind2=" ">
   <subfield code="a">(DE-101)1100893555</subfield>
  </datafield>
  <datafield tag="040" ind1=" " ind2=" ">
   <subfield code="a">DE-627</subfield>
   <subfield code="b">ger</subfield>
   <subfield code="c">DE-627</subfield>
   <subfield code="e">rda</subfield>
  </datafield>
  <datafield tag="041" ind1=" " ind2=" ">
   <subfield code="a">ger</subfield>
  </datafield>
  <datafield tag="044" ind1=" " ind2=" ">
   <subfield code="c">XA-DE-BW</subfield>
  </datafield>
  <datafield tag="050" ind1=" " ind2="0">
   <subfield code="a">DD237</subfield>
  </datafield>
  <datafield tag="082" ind1="0" ind2=" ">
   <subfield code="a">943.085</subfield>
   <subfield code="q">DE-101</subfield>
   <subfield code="2">22/ger</subfield>
  </datafield>
  <datafield tag="082" ind1="0" ind2=" ">
   <subfield code="a">943</subfield>
   <subfield code="a">300</subfield>
   <subfield code="a">700</subfield>
   <subfield code="q">DE-101</subfield>
   <subfield code="2">23sdnb</subfield>
  </datafield>
  <datafield tag="082" ind1="0" ind2=" ">
   <subfield code="a">943</subfield>
   <subfield code="2">23sdnb</subfield>
  </datafield>
  <datafield tag="082" ind1="0" ind2="4">
   <subfield code="a">943</subfield>
   <subfield code="a">300</subfield>
   <subfield code="a">700</subfield>
   <subfield code="q">DE-101</subfield>
  </datafield>
  <datafield tag="082" ind1="0" ind2="4">
   <subfield code="a">943</subfield>
  </datafield>
  <datafield tag="084" ind1=" " ind2=" ">
   <subfield code="a">943#DNB</subfield>
   <subfield code="2">sdnb</subfield>
  </datafield>
  <datafield tag="084" ind1=" " ind2=" ">
   <subfield code="a">9,10</subfield>
   <subfield code="2">ssgn</subfield>
  </datafield>
  <datafield tag="084" ind1=" " ind2=" ">
   <subfield code="a">NQ 1080</subfield>
   <subfield code="q">BVB</subfield>
   <subfield code="2">rvk</subfield>
   <subfield code="0">(DE-625)rvk/128051:</subfield>
  </datafield>
  <datafield tag="084" ind1=" " ind2=" ">
   <subfield code="a">15.43</subfield>
   <subfield code="2">bkl</subfield>
  </datafield>
  <datafield tag="100" ind1="1" ind2=" ">
   <subfield code="a">Kemp, Wolfgang</subfield>
   <subfield code="d">1946-</subfield>
   <subfield code="e">VerfasserIn</subfield>
   <subfield code="0">(DE-588)120022125</subfield>
   <subfield code="0">(DE-627)080391443</subfield>
   <subfield code="0">(DE-576)161683630</subfield>
   <subfield code="4">aut</subfield>
  </datafield>
  <datafield tag="245" ind1="1" ind2="0">
   <subfield code="a">Wir haben ja alle Deutschland nicht gekannt</subfield>
   <subfield code="b">das Deutschlandbild der Deutschen in der Zeit der Weimarer Republik</subfield>
   <subfield code="c">Wolfgang Kemp</subfield>
  </datafield>
  <datafield tag="264" ind1=" " ind2="1">
   <subfield code="a">[Heidelberg]</subfield>
   <subfield code="b">Heidelberg University Publishing</subfield>
   <subfield code="c">[2016]</subfield>
  </datafield>
  <datafield tag="264" ind1=" " ind2="4">
   <subfield code="c">© 2016</subfield>
  </datafield>
  <datafield tag="300" ind1=" " ind2=" ">
   <subfield code="a">479 Seiten</subfield>
   <subfield code="b">Illustrationen, Karten</subfield>
   <subfield code="c">23.5 cm x 15.5 cm</subfield>
  </datafield>
  <datafield tag="336" ind1=" " ind2=" ">
   <subfield code="a">Text</subfield>
   <subfield code="b">txt</subfield>
   <subfield code="2">rdacontent</subfield>
  </datafield>
  <datafield tag="337" ind1=" " ind2=" ">
   <subfield code="a">ohne Hilfsmittel zu benutzen</subfield>
   <subfield code="b">n</subfield>
   <subfield code="2">rdamedia</subfield>
  </datafield>
  <datafield tag="338" ind1=" " ind2=" ">
   <subfield code="a">Band</subfield>
   <subfield code="b">nc</subfield>
   <subfield code="2">rdacarrier</subfield>
  </datafield>
  <datafield tag="490" ind1="0" ind2=" ">
   <subfield code="a">Bibliographie: Seite 443-[470]</subfield>
  </datafield>
  <datafield tag="505" ind1="8" ind2="0">
   <subfield code="t">Landgewinn : ein Vorwort ; Deutsche Vielfalt, ihre Freunde und ihre Feinde ; Wir haben ja alle Deutschland nicht gekannt ; Innere Kolonisation ; Deutschland, ein Multiversum ; Vielfalt entfalten ; Die Vielfalt der Moderne : die Gleichzeitigkeit des Ungleichzeitigen ; Die Feinde der Vielfalt : Monotonisierung, Organisation, Amerikanismus, System ; Die Kehrseiten der Vielfalt I : Zerrissenheit ; Die Kehrseiten der Vielfalt II : der Symbolort Weimar ; Die Kehrseiten der Vielfalt DL Das Vielzuviel und die Überforderung ; Nähe der Anschauung: Deutschlandbücher, eine erste Annährung ; Der Weg durch das Wirrsal</subfield>
   <subfield code="r">Eugen Diesel</subfield>
  </datafield>
  <datafield tag="505" ind1="8" ind2="0">
   <subfield code="t">Die deutsche Wandlung</subfield>
   <subfield code="r">Eugen Diesel</subfield>
  </datafield>
  <datafield tag="505" ind1="8" ind2="0">
   <subfield code="t">Das Land der Deutschen</subfield>
   <subfield code="r">Eugen Diesel</subfield>
  </datafield>
  <datafield tag="505" ind1="8" ind2="0">
   <subfield code="t">Von der nationalen Sachlichkeit zur nationalen Einheit</subfield>
   <subfield code="r">Eugen Diesel</subfield>
  </datafield>
  <datafield tag="505" ind1="8" ind2="0">
   <subfield code="t">Das Land der Deutschen ; Die neuen Grenzen ; Die unterlassene Neugliederung Deutschlands I ; Die unterlassene Neugliederung Deutschlands II: das Lehrstück Birkenfeld ; Die unterlassene Neugliederung Deutschlands DI : das &quot;Signal Lippe&quot; ; Innere Kolonisation I : &quot;Deutschland müsste sich sozusagen selbst kolonisieren oder besiedeln.&quot; ; Innere Kolonisation II : die &quot;Fruchtlandschaft&quot; der Stadt ; Innere Kolonisation HI : der Osthilfeskandal und das Ende Weimars ; Konstruktionen eines Raumes : Deutsche Raumsensibilität, deutsche Raumhysterie, deutsche Raumplanung ; Geschichtliche Landeskunde I ; Ein Heimatbuch : der Kreis Steinburg ; Geschichtliche Landeskunde II ; Volksboden : Kulturboden : Neue Wege der deutschen Geographie ; Die Grundlagen des Deutschseins : Deutsche Grenzlandkunde ; Regionalismus mit Sendungsbewusstsein I : die Rheinlandbewegung ; Regionalismus mit Sendungsbewusstsein II : Alfons Paquet ; Regionalismus mit Sendungsbewusstsein HI : die Region Wense ; Literatur der Landschaft I : Wilhelm Stapel, Josef Winckler und Ernst Wiechert ; Literatur der Landschaft II : René Schickele ; Literatur der Landschaft HI : Josef Nadler und Rudolf Borchardt ; Zwei Romane, zwei Räume : Hans Grimm und Manfred Hausmann ; Hans Grimm : Deutschland als Raum nationaler Gleichzeitigkeit ; Manfred Hausmann I : das Land des Vagabunden ; Manfred Hausmann II : Raum ohne Volk ; Der Vagabund in Geschichte und Kunst der Weimarer Republik ; Der gereizte Boden : Hans Fallada, Bodo Uhse, Ernst von Salomon ; Das aufsässige Land : Arnolt Bronnen ; Die Hieroglyphen eines Raumbildes : Manfred Hausmann III ; Deutschland, das Land der Städte ; Städtebücher und ihre Autoren ; Der geistige Begriff und die Geister der Stadt : Alfred Kerr ; Reisen in die kleine Stadt ; Kleine Städte, grosse Städte, alte Städte, neue Städte ; Deutschlands Städte, von und für Touristen gesehen ; Das Notgeld der deutschen Städte ; Immer hinter dem Steuerrad</subfield>
   <subfield code="r">Heinrich Hauser</subfield>
  </datafield>
  <datafield tag="505" ind1="8" ind2="0">
   <subfield code="t">Bücher, die direkt fotografiert sind : die Gattung Bildband ; Das Industriell-Erhabene und das Industriell-Pittoreske</subfield>
   <subfield code="r">Albert Renger-Patzsch</subfield>
  </datafield>
  <datafield tag="505" ind1="8" ind2="0">
   <subfield code="t">Der Industriestadt-Roman und der Industriestadt-Essay</subfield>
   <subfield code="r">Erik Reger</subfield>
  </datafield>
  <datafield tag="505" ind1="8" ind2="0">
   <subfield code="t">Ein Städtebild aus Stadt und Gegenstadt</subfield>
   <subfield code="r">Ernst Bloch</subfield>
  </datafield>
  <datafield tag="505" ind1="8" ind2="0">
   <subfield code="t">Deutschland von unten</subfield>
   <subfield code="r">Max Barthel und Alexander Graf Stenbock-Fermor</subfield>
  </datafield>
  <datafield tag="505" ind1="8" ind2="0">
   <subfield code="t">Stadtgestalt : Geschichtsgestalt</subfield>
   <subfield code="r">Ricarda Huch I</subfield>
  </datafield>
  <datafield tag="505" ind1="8" ind2="0">
   <subfield code="t">Die Welt des Mittelalters und wir</subfield>
   <subfield code="r">Ricarda Huch II</subfield>
  </datafield>
  <datafield tag="505" ind1="8" ind2="0">
   <subfield code="t">Die deutsche Stadt als Kampfzone</subfield>
   <subfield code="r">Ricarda Huch HI</subfield>
  </datafield>
  <datafield tag="505" ind1="8" ind2="0">
   <subfield code="t">Die Stadt als Kosmos der Relationen : Konrad Weiss ; Döblins Berlin : Vielfalt im System der Stadt ; Berlin, gesehen von einem Reisenden</subfield>
   <subfield code="r">Hans Heinrich Ehrler</subfield>
  </datafield>
  <datafield tag="505" ind1="8" ind2="0">
   <subfield code="t">Preussische Städtewappen</subfield>
   <subfield code="r">Gertrud Kolmar</subfield>
  </datafield>
  <datafield tag="505" ind1="8" ind2="0">
   <subfield code="t">Danksagung ; Anmerkungen ; Bibliographie ; Quellen ; Sekundärliteratur ; Bildnachweis ; Register Personenregister Orts- und Sachregister.</subfield>
  </datafield>
  <datafield tag="583" ind1="1" ind2=" ">
   <subfield code="a">Archivierung/Langzeitarchivierung gewährleistet</subfield>
   <subfield code="f">PEBW</subfield>
   <subfield code="2">pdager</subfield>
   <subfield code="5">DE-31</subfield>
  </datafield>
  <datafield tag="583" ind1="1" ind2=" ">
   <subfield code="a">Archivierung/Langzeitarchivierung gewährleistet</subfield>
   <subfield code="f">SLG</subfield>
   <subfield code="z">BfZ</subfield>
   <subfield code="2">pdager</subfield>
   <subfield code="5">DE-24</subfield>
  </datafield>
  <datafield tag="650" ind1=" " ind2="0">
   <subfield code="a">National socialism</subfield>
   <subfield code="z">Germany</subfield>
  </datafield>
  <datafield tag="651" ind1=" " ind2="0">
   <subfield code="a">Germany</subfield>
   <subfield code="x">History</subfield>
   <subfield code="y">1918-1933</subfield>
  </datafield>
  <datafield tag="651" ind1=" " ind2="0">
   <subfield code="a">Germany</subfield>
   <subfield code="x">Politics and government</subfield>
   <subfield code="y">1918-1933</subfield>
  </datafield>
  <datafield tag="651" ind1=" " ind2="0">
   <subfield code="a">Germany</subfield>
   <subfield code="x">Social conditions</subfield>
   <subfield code="y">1918-1933</subfield>
  </datafield>
  <datafield tag="651" ind1=" " ind2="0">
   <subfield code="a">Germany</subfield>
   <subfield code="x">Economic policy</subfield>
   <subfield code="y">1918-1933</subfield>
  </datafield>
  <datafield tag="689" ind1="0" ind2="0">
   <subfield code="d">g</subfield>
   <subfield code="0">(DE-588)4011882-4</subfield>
   <subfield code="0">(DE-627)104704861</subfield>
   <subfield code="0">(DE-576)208896155</subfield>
   <subfield code="a">Deutschland</subfield>
   <subfield code="2">gnd</subfield>
  </datafield>
  <datafield tag="689" ind1="0" ind2="1">
   <subfield code="d">s</subfield>
   <subfield code="0">(DE-588)4065109-5</subfield>
   <subfield code="0">(DE-627)10612059X</subfield>
   <subfield code="0">(DE-576)209156864</subfield>
   <subfield code="a">Weimarer Republik</subfield>
   <subfield code="2">gnd</subfield>
  </datafield>
  <datafield tag="689" ind1="0" ind2="2">
   <subfield code="d">s</subfield>
   <subfield code="0">(DE-588)4077349-8</subfield>
   <subfield code="0">(DE-627)106080431</subfield>
   <subfield code="0">(DE-576)20920480X</subfield>
   <subfield code="a">Selbstbild</subfield>
   <subfield code="2">gnd</subfield>
  </datafield>
  <datafield tag="689" ind1="0" ind2="3">
   <subfield code="a">z</subfield>
   <subfield code="2">gnd</subfield>
   <subfield code="a">Geschichte 1919-1933</subfield>
  </datafield>
  <datafield tag="689" ind1="0" ind2=" ">
   <subfield code="5">(DE-627)</subfield>
  </datafield>
  <datafield tag="776" ind1="1" ind2=" ">
   <subfield code="z">9783946054078</subfield>
   <subfield code="c">PDF</subfield>
  </datafield>
  <datafield tag="776" ind1="0" ind2="8">
   <subfield code="i">Erscheint auch als</subfield>
   <subfield code="n">Online-Ausgabe</subfield>
   <subfield code="a">Kemp, Wolfgang, 1946 - </subfield>
   <subfield code="t">Wir haben ja alle Deutschland nicht gekannt</subfield>
   <subfield code="d">Heidelberg : Heidelberg University Publishing, 2016</subfield>
   <subfield code="h">1 Online-Ressource (479 Seiten)</subfield>
   <subfield code="w">(DE-627)864192312</subfield>
   <subfield code="w">(DE-576)472752081</subfield>
   <subfield code="z">9783946054078</subfield>
  </datafield>
  <datafield tag="787" ind1="0" ind2="8">
   <subfield code="i">Rezensiert in</subfield>
   <subfield code="a">Braun, Michael</subfield>
   <subfield code="t">[Rezension von: Wolfgang Kemp, Wir haben ja alle Deutschland nicht gekannt. Das Deutschlandbild der Deutschen in der Zeit der Weimarer Republik]</subfield>
   <subfield code="d">2018</subfield>
   <subfield code="w">(DE-627)1787116115</subfield>
  </datafield>
  <datafield tag="850" ind1=" " ind2=" ">
   <subfield code="a">aa</subfield>
  </datafield>
  <datafield tag="850" ind1=" " ind2=" ">
   <subfield code="a">aa</subfield>
  </datafield>
  <datafield tag="856" ind1="4" ind2="2">
   <subfield code="u">http://d-nb.info/1100893555/04</subfield>
   <subfield code="m">B:DE-101</subfield>
   <subfield code="q">pdf/application</subfield>
   <subfield code="v">20161007003401</subfield>
   <subfield code="x">Verlag</subfield>
   <subfield code="3">Inhaltsverzeichnis</subfield>
  </datafield>
  <datafield tag="856" ind1="4" ind2="2">
   <subfield code="u">http://www.sehepunkte.de/2018/09/29229.html</subfield>
   <subfield code="m">V:DE-576;X:Sehepunkte</subfield>
   <subfield code="q">text/html</subfield>
   <subfield code="v">20181002123037</subfield>
   <subfield code="3">Rezension</subfield>
  </datafield>
  <datafield tag="856" ind1="4" ind2="2">
   <subfield code="u">http://swbplus.bsz-bw.de/bsz473847329rez.htm</subfield>
   <subfield code="m">V:DE-576;B:DE-16</subfield>
   <subfield code="q">application/pdf</subfield>
   <subfield code="v">20181022153053</subfield>
   <subfield code="3">Rezension</subfield>
  </datafield>
  <datafield tag="856" ind1="4" ind2="2">
   <subfield code="u">http://heiup.uni-heidelberg.de/catalog/book/90?lang=de</subfield>
   <subfield code="x">Verlag</subfield>
   <subfield code="y">Inhaltsbeschreibung &amp; PDF-Volltext</subfield>
  </datafield>
  <datafield tag="935" ind1=" " ind2=" ">
   <subfield code="i">Blocktest</subfield>
  </datafield>
  <datafield tag="936" ind1="r" ind2="v">
   <subfield code="a">NQ 1080</subfield>
   <subfield code="b">Darstellungen</subfield>
   <subfield code="k">Geschichte</subfield>
   <subfield code="k">Geschichte seit 1918</subfield>
   <subfield code="k">Deutsche Geschichte seit dem Ende des Ersten Weltkriegs</subfield>
   <subfield code="k">Weimarer Republik (1918 - 1933)</subfield>
   <subfield code="k">Allgemeines</subfield>
   <subfield code="k">Darstellungen</subfield>
   <subfield code="0">(DE-627)1271470438</subfield>
   <subfield code="0">(DE-625)rvk/128051:</subfield>
   <subfield code="0">(DE-576)201470438</subfield>
  </datafield>
  <datafield tag="936" ind1="b" ind2="k">
   <subfield code="a">15.43</subfield>
   <subfield code="j">Deutsche Geschichte des 19. Jahrhunderts bis zur Gegenwart</subfield>
   <subfield code="0">(DE-627)181569701</subfield>
  </datafield>
  <datafield tag="951" ind1=" " ind2=" ">
   <subfield code="a">BO</subfield>
  </datafield>
  <datafield tag="990" ind1=" " ind2=" ">
   <subfield code="a">Deutschland</subfield>
  </datafield>
  <datafield tag="990" ind1=" " ind2=" ">
   <subfield code="a">Weimarer Republik</subfield>
  </datafield>
  <datafield tag="990" ind1=" " ind2=" ">
   <subfield code="a">Selbstbild</subfield>
  </datafield>
  <datafield tag="990" ind1=" " ind2=" ">
   <subfield code="a">Geschichte 1919-1933</subfield>
  </datafield>
  <datafield tag="991" ind1=" " ind2=" ">
   <subfield code="a">Rezensiertes Werk</subfield>
  </datafield>
  <datafield tag="999" ind1=" " ind2=" ">
   <subfield code="a">KXP-PPN85996678X</subfield>
   <subfield code="e">4048494074</subfield>
  </datafield>
 </record>
</collection>
